[Event "III Festival A"]
[Site "Forni di Sopra ITA"]
[Date "2012.06.22"]
[Round "8"]
[White "Romanishin, Oleg M."]
[Black "Rombaldoni, Axel"]
[WhiteElo "2511"]
[BlackElo "2469"]
[Result "1-0"]
[PlyCount "117"]
[EventDate "2012.06.16"]

1. Nf3 b6 2. g3 Bb7 3. Bg2 g6 4. O-O Bg7 5. d4 Nf6 6. c4 O-O 7. d5 Na6 8. Nc3
Nc5 9. Be3 Ng4 10. Bd4 e5 11. dxe6 fxe6 12. Bxg7 Kxg7 13. Qd4+ Nf6 14. b4 Nce4
15. Nxe4 Bxe4 16. Rad1 Qe7 17. c5 Kg8 18. Ne5 Bxg2 19. Kxg2 Rad8 20. Rd3 Qg7
21. Rfd1 Nd5 22. Nf3 Qxd4 23. Rxd4 bxc5 24. bxc5 Rb8 25. Ne5 Rb2 26. Nxd7 Rf7
27. Ne5 Rf5 28. Ng4 Rf8 29. R1d2 Rb5 30. e4 Nc3 31. Rc4 Nb1 32. Rd7 h5 33. Nh6+
Kh8 34. e5 Nd2 35. Rxd2 Kg7 36. Rd7+ Kxh6 37. Rc2 Rf5 38. Rxc7 Rxe5 39. c6 Rec5
40. Rxc5 Rxc5 41. Rc8 Rc3 42. c7 Kg7 43. h4 a5 44. f4 a4 45. a3 Rc2+ 46. Kf3
Rc3+ 47. Ke4 Rc4+ 48. Ke5 Rc6 49. Kd4 Rc1 50. Ra8 Rxc7 51. Rxa4 Rc1 52. Rb4 Kf6
53. Rb3 Kf5 54. Rb5+ Kf6 55. a4 Rg1 56. Rg5 Rc1 57. a5 Rc2 58. Rb5 Rg2 59. Kc5
1-0

[Event "III Festival A"]
[Site "Forni di Sopra ITA"]
[Date "2012.06.22"]
[Round "8"]
[White "Sundararajan, Kidambi"]
[Black "Saravanan, Venkatachalam"]
[WhiteElo "2447"]
[BlackElo "2401"]
[Result "1-0"]
[PlyCount "69"]
[EventDate "2012.06.16"]

1. d4 g6 2. c4 Bg7 3. e4 d6 4. Nc3 Nf6 5. Bd3 O-O 6. Nge2 Nc6 7. O-O Nd7 8. Bc2
e5 9. d5 Nd4 10. Nxd4 exd4 11. Nb5 Ne5 12. Nxd4 c5 13. dxc6 bxc6 14. Rb1 Ba6
15. b3 d5 16. f4 Ng4 17. Nxc6 Qb6+ 18. Kh1 dxc4 19. Ne7+ Kh8 20. Qxg4 cxb3 21.
Rxb3 Qc5 22. Bd3 Bxd3 23. Nxg6+ fxg6 24. Rxd3 Qc2 25. Qd1 Qxa2 26. Ba3 Rfe8 27.
e5 a5 28. Re1 a4 29. e6 Qc4 30. e7 Bf6 31. Rd6 Bc3 32. Re3 Kg8 33. Rd8 Kf7 34.
Rxa8 Rxa8 35. Qc1 1-0

[Event "III Festival A"]
[Site "Forni di Sopra ITA"]
[Date "2012.06.22"]
[Round "8"]
[White "Tregubov, Pavel V."]
[Black "Ninov, Nikolai Ivanov"]
[WhiteElo "2596"]
[BlackElo "2471"]
[Result "1-0"]
[PlyCount "107"]
[EventDate "2012.06.16"]

1. d4 d5 2. c4 e6 3. Nf3 Nf6 4. Nc3 dxc4 5. Qa4+ c6 6. Qxc4 b5 7. Qd3 Ba6 8.
Ne4 Nxe4 9. Qxe4 Qd5 10. Qxd5 cxd5 11. Bf4 Bb4+ 12. Kd1 Ke7 13. e3 Rc8 14. a3
Bd6 15. Bxd6+ Kxd6 16. Ne5 Rc7 17. Nd3 Bc8 18. Be2 a5 19. Kd2 Nd7 20. Rhc1 Raa7
21. Rxc7 Rxc7 22. b4 Ra7 23. bxa5 Rxa5 24. Kc3 Nb8 25. Kb3 Nc6 26. Rc1 Ra8 27.
Ne5 Nxe5 28. dxe5+ Kxe5 29. Rc7 Ba6 30. Kb4 f5 31. Rxg7 h6 32. Rg6 Rc8 33. f4+
Kd6 34. Bd3 Ke7 35. Rxh6 Rc1 36. Rh7+ Kd6 37. Ra7 Bc8 38. h4 Rh1 39. Rh7 Re1
40. h5 Rxe3 41. Bxb5 Re4+ 42. Ka5 Rxf4 43. Kb6 e5 44. a4 e4 45. Rh8 Be6 46. a5
e3 47. a6 e2 48. Rd8+ Ke7 49. Re8+ Kf7 50. Rxe6 Kxe6 51. Bxe2 Rf2 52. a7 Rxe2
53. a8=Q Rxg2 54. h6 1-0

[Event "III Festival A"]
[Site "Forni di Sopra ITA"]
[Date "2012.06.23"]
[Round "9"]
[White "Ninov, Nikolai Ivanov"]
[Black "Welling, Gerard"]
[WhiteElo "2471"]
[BlackElo "2333"]
[Result "1/2-1/2"]
[PlyCount "25"]
[EventDate "2012.06.16"]

1. e4 c6 2. d4 d5 3. Nc3 dxe4 4. Nxe4 Bf5 5. Ng3 Bg6 6. Nf3 Nd7 7. Bd3 Bxd3 8.
Qxd3 e6 9. O-O Ngf6 10. b3 Be7 11. Bb2 O-O 12. c4 Qc7 13. Rad1 1/2-1/2

[Event "III Festival A"]
[Site "Forni di Sopra ITA"]
[Date "2012.06.23"]
[Round "9"]
[White "Rombaldoni, Axel"]
[Black "Narciso Dublan, Marc"]
[WhiteElo "2469"]
[BlackElo "2541"]
[Result "0-1"]
[PlyCount "92"]
[EventDate "2012.06.16"]

1. e4 e5 2. Nf3 Nc6 3. Bc4 Bc5 4. c3 Nf6 5. d3 d6 6. Nbd2 O-O 7. h3 Ne7 8. O-O
Ng6 9. d4 Bb6 10. Re1 h6 11. Bf1 Re8 12. Nc4 exd4 13. Nxb6 axb6 14. Qxd4 Ne5
15. Nh2 Nc6 16. Qd3 d5 17. Bf4 Rxe4 18. Rxe4 Nxe4 19. Rd1 Rxa2 20. Qb1 Ra5 21.
f3 Nf6 22. b4 Ra8 23. c4 Ne7 24. Be5 Ng6 25. Bc3 c6 26. Qb2 Be6 27. Qf2 Nf8 28.
Bd3 N8d7 29. Bb1 Qb8 30. f4 dxc4 31. g4 Ra3 32. Bd4 Rxh3 33. Qg2 Rxh2 34. Qxh2
Bxg4 35. Re1 Qd6 36. Bc3 Kf8 37. Qg3 h5 38. Qe3 Be6 39. Bc2 Nd5 40. Qd4 N7f6
41. Ra1 Qxf4 42. Qxf4 Nxf4 43. Be5 Nd3 44. Bd6+ Ke8 45. Ra7 Nd5 46. Rxb7 b5 0-1

[Event "III Festival A"]
[Site "Forni di Sopra ITA"]
[Date "2012.06.23"]
[Round "9"]
[White "Rotstein, Arkadij"]
[Black "Dvirnyy, Danyyil"]
[WhiteElo "2512"]
[BlackElo "2515"]
[Result "0-1"]
[PlyCount "86"]
[EventDate "2012.06.16"]

1. g3 Nf6 2. Bg2 d5 3. d4 g6 4. Nf3 Bg7 5. O-O O-O 6. Be3 Nc6 7. h3 Ne4 8. Qc1
Re8 9. Rd1 Nd6 10. Bh6 Bh8 11. Bf4 Bf5 12. c3 Qc8 13. Kh2 Ne4 14. Qe3 f6 15. g4
e5 16. Bh6 Be6 17. dxe5 Bf7 18. c4 f5 19. Nc3 Nxc3 20. bxc3 fxg4 21. Ng5 Nxe5
22. Qf4 dxc4 23. Nxf7 Nxf7 24. Qxc4 c6 25. Bf4 Qe6 26. Qxe6 Rxe6 27. e3 gxh3
28. Bxh3 Re7 29. Rd3 Be5 30. Rad1 Bxf4+ 31. exf4 Kg7 32. Kg3 Kf6 33. a4 a5 34.
Rb1 Rd8 35. Re3 Rxe3+ 36. fxe3 Rd3 37. Kf2 Nd6 38. Rb3 Rxc3 39. Rb2 Rxe3 40.
Kxe3 Nc4+ 41. Kd4 Nxb2 42. Bc8 b6 43. Bd7 Nxa4 0-1